000 00779nam a2200241Ia 4500
003 OSt
005 20221006163859.0
006 a|||||r|||| 00| 0
007 ta
008 221006b |||||||| |||| 00| 0 hin d
024 _a7,474
037 _cDissertations
040 _aFML
_cFML
_bhin
041 _2hin
_ahin
100 _aMishra Shilpa Au.
_9676083
110 _aDelhi University. Faculty of Music and Fine Arts. Department of Music
245 0 _aUttar Bharatiya Upshashtriya Sangeet Main Banaras Gharane Ki Kuch Pramukh Mahila Kalakaro Ka Sangeetik Yogdan
260 _c2013
300 _a97
_ccm.
700 _aDelhi University. Faculty of Music and Fine Arts. Department of Music
942 _cDIS
_2CC
999 _c1115607
_d1115607